000 01028nas a2200313 i 4500
001 1829
003 ES-MaACL
005 20250828062528.0
007 t|
008 950801d19522012sp | | 1 ||pa d
022 _a0034-8082
080 _a37
245 0 0 _aRevista de educación.
260 _aMadrid :
_bServicio de Publicaciones del Ministerio de Educación Nacional,
_c1952-2012.
300 _a18 v. ;
_c31 cm.
310 _aBimestral
321 _aBimestral,
_b1952
321 _aMensual,
_b1953-nov. 1955
321 _aBimensual,
_bdic. 1956-sep.1961
321 _aMensual,
_boct. 1961-1968
362 0 _aAño 1, v. 1, n. 1 (en.-abr. 1952)-n. 359 (sept.-dic. 2012)
500 _aLos índices van colocados junto con la revista.
500 _aNo se publicó de ene.-abr. de 1969.
650 7 _aEducación
_2embne
_912073
710 2 _aEspaña.
_bMinisterio de Educación Nacional.
_93859
852 _aES-MaACL
_jHem-981
866 0 _o1952-1967(1968f.n.201-202)(1969f.n.205).1970.
999 _c1829
_d1829